Developing community capacities for pro-poor budgeting and local government accountability for poverty reduction : (Record no. 7568)

MARC details
000 -LEADER
fixed length control field 00750nam a22001937a 4500
003 - CONTROL NUMBER IDENTIFIER
control field OSt
005 - DATE AND TIME OF LATEST TRANSACTION
control field 20260120031540.0
008 - FIXED-LENGTH DATA ELEMENTS--GENERAL INFORMATION
fixed length control field 260120b |||||||| |||| 00| 0 eng d
040 ## - CATALOGING SOURCE
Original cataloging agency DWCL-Main lib
Transcribing agency OC
082 ## - DEWEY DECIMAL CLASSIFICATION NUMBER
Classification number Fil. 338.9 D489 2006
100 ## - MAIN ENTRY--PERSONAL NAME
Personal name Ilago, Simeon Augustin
245 ## - TITLE STATEMENT
Title Developing community capacities for pro-poor budgeting and local government accountability for poverty reduction :
Remainder of title localized anti poverty program II
Statement of responsibility, etc. Ilago, Simeon Augustin
260 ## - PUBLICATION, DISTRIBUTION, ETC.
Place of publication, distribution, etc. Quezon City :
Name of publisher, distributor, etc. Caucus of Development NGO Networks
Date of publication, distribution, etc. c2006.
300 ## - PHYSICAL DESCRIPTION
Extent xvi, 255 pages :
Other physical details illustration ;
Dimensions 25 cm.
650 ## - SUBJECT ADDED ENTRY--TOPICAL TERM
Source of heading or term 1. Community Development.
650 ## - SUBJECT ADDED ENTRY--TOPICAL TERM
Source of heading or term 2. Domestic economic assistance.
700 ## - ADDED ENTRY--PERSONAL NAME
Personal name Edsen-Lopos, Bootes
942 ## - ADDED ENTRY ELEMENTS (KOHA)
Source of classification or shelving scheme Dewey Decimal Classification
Koha item type Book-Filipiniana
Call number prefix Fil.
Suppress in OPAC No
952 ## - LOCATION AND ITEM INFORMATION (KOHA)
--
Holdings
Withdrawn status Lost status Source of classification or shelving scheme Damaged status Not for loan Home library Current library Shelving location Date acquired Source of acquisition Cost, normal purchase price Total Checkouts Full call number Barcode Date last seen Copy number Price effective from Koha item type Uniform Resource Identifier
    Dewey Decimal Classification     College Library College Library Filipiniana 11/05/2007 Donation 0.00   Fil. 338.9 D489 2006 45342 01/20/2026 c1 01/20/2026 BK - FIL